Delivering on the promise of pro-poor growth : (Record no. 18787)
[ view plain ]
| 000 -LEADER | |
|---|---|
| fixed length control field | 00657pam a2200205 a 4500 |
| 020 ## - INTERNATIONAL STANDARD BOOK NUMBER | |
| ISBN | 0821365150 |
| 020 ## - INTERNATIONAL STANDARD BOOK NUMBER | |
| ISBN | 082136670X (hbk.) |
| 020 ## - INTERNATIONAL STANDARD BOOK NUMBER | |
| ISBN | 9780821366707 (hbk.) |
| 020 ## - INTERNATIONAL STANDARD BOOK NUMBER | |
| ISBN | 9780821365151 |
| 040 ## - CATALOGING SOURCE | |
| Transcribing agency | DLC |
| 082 00 - DEWEY DECIMAL CLASSIFICATION NUMBER | |
| Classification number | 338 BAS 2007 C152 Or. |
| 245 00 - TITLE STATEMENT | |
| Title | Delivering on the promise of pro-poor growth : |
| Remainder of title | insights and lessons from country experiences / |
| 260 ## - PUBLICATION, DISTRIBUTION, ETC. (IMPRINT) | |
| Place of publication | Basingstoke [England] ; |
| -- | New York : |
| Name of publisher | Palgrave Macmillan ; |
| Place of publication | Washington DC : |
| Name of publisher | World Bank, |
| Year of publication | c2007 |
| 300 ## - PHYSICAL DESCRIPTION | |
| Number of Pages | xi, 253 p. : |
| Other physical details | ill., map ; |
| Dimensions | 23 cm |
| 650 #0 - SUBJECT ADDED ENTRY--TOPICAL TERM | |
| Topical Term | Economic development |
| 650 #0 - SUBJECT ADDED ENTRY--TOPICAL TERM | |
| Topical Term | Poverty |
| 700 1# - ADDED ENTRY--PERSONAL NAME | |
| Personal name | Besley, Timothy |
| 700 1# - ADDED ENTRY--PERSONAL NAME | |
| Personal name | Cord, Louise |
| 942 ## - ADDED ENTRY ELEMENTS (KOHA) | |
| Koha item type | ADB |
| 952 ## - LOCATION AND ITEM INFORMATION (KOHA) | |
| Withdrawn status [LOCAL, KOHA] | 0 |
| Koha item type | Source of acquisition | Lost status | Permanent Location | Current Location | Date acquired | Full call number |
|---|---|---|---|---|---|---|
| សៀវភៅភាសាអង់គ្លេស | A37422 | Library Block C | Library Block C | 2020-01-27 | 338 BAS 2007 C152 Or. |